Pokémon regional pokédex: Sinnoh - Statistics

General Stats
  • This quiz has been taken 356 times
  • The average score is 185 of 210
Answer Stats
# Pokémon % Correct
4 Chimchar
97%
6 Infernape
97%
7 Piplup
97%
12 Staraptor
97%
11 Staravia
97%
10 Starly
97%
3 Torterra
97%
1 Turtwig
97%
14 Bibarel
96%
13 Bidoof
96%
25 Budew
96%
53 Combee
96%
199 Electivire
96%
9 Empoleon
96%
2 Grotle
96%
5 Monferno
96%
150 Palkia
96%
8 Prinplup
96%
26 Roselia
96%
27 Roserade
96%
149 Dialga
95%
198 Electabuzz
95%
31 Geodude
95%
33 Golem
95%
32 Graveler
95%
15 Kricketot
95%
18 Luxio
95%
200 Magby
95%
17 Shinx
95%
54 Vespiquen
95%
20 Abra
93%
22 Alakazam
93%
50 Beautifly
93%
51 Cascoon
93%
52 Dustox
93%
197 Elekid
93%
110 Gabite
93%
111 Garchomp
93%
210 Giratina
93%
21 Kadabra
93%
16 Kricketune
93%
19 Luxray
93%
42 Machamp
93%
41 Machoke
93%
40 Machop
93%
23 Magikarp
93%
201 Magmar
93%
202 Magmortar
93%
112 Munchlax
93%
34 Onix
93%
49 Silcoon
93%
113 Snorlax
93%
148 Azelf
92%
39 Bastiodon
92%
67 Buneary
92%
129 Croagunk
92%
163 Eevee
92%
166 Flareon
92%
109 Gible
92%
170 Glaceon
92%
76 Glameow
92%
24 Gyarados
92%
165 Jolteon
92%
169 Leafeon
92%
147 Mesprit
92%
72 Misdreavus
92%
47 Mothim
92%
90 Ponyta
92%
91 Rapidash
92%
38 Shieldon
92%
35 Steelix
92%
93 Sudowoodo
92%
146 Uxie
92%
164 Vaporeon
92%
145 Weavile
92%
48 Wurmple
92%
143 Abomasnow
91%
92 Bonsly
91%
89 Bronzong
91%
88 Bronzor
91%
45 Burmy
91%
36 Cranidos
91%
30 Crobat
91%
167 Espeon
91%
208 Froslass
91%
61 Gastrodon
91%
29 Golbat
91%
68 Lopunny
91%
116 Lucario
91%
73 Mismagius
91%
77 Purugly
91%
187 Rhydon
91%
186 Rhyhorn
91%
188 Rhyperior
91%
115 Riolu
91%
142 Snover
91%
84 Stunky
91%
46 Wormadam
91%
28 Zubat
91%
56 Buizel
90%
58 Cherubi
90%
191 Dusknoir
90%
189 Duskull
90%
57 Floatzel
90%
75 Honchkrow
90%
87 Medicham
90%
86 Meditite
90%
94 Mime Jr.
90%
157 Ralts
90%
37 Rampardos
90%
85 Skuntank
90%
144 Sneasel
90%
130 Toxicroak
90%
168 Umbreon
90%
59 Cherrim
89%
66 Drifblim
89%
65 Drifloon
89%
190 Dusclops
89%
160 Gallade
89%
159 Gardevoir
89%
207 Glalie
89%
153 Gligar
89%
158 Kirlia
89%
95 Mr. Mime
89%
74 Murkrow
89%
55 Pachirisu
89%
192 Porygon
89%
193 Porygon2
89%
194 Porygon-Z
89%
175 Togekiss
89%
173 Togepi
89%
174 Togetic
89%
63 Aipom
88%
64 Ambipom
88%
69 Gastly
88%
71 Gengar
88%
154 Gliscor
88%
96 Happiny
88%
70 Haunter
88%
178 Magnemite
88%
179 Magneton
88%
141 Mantine
88%
140 Mantyke
88%
60 Shellos
88%
206 Snorunt
88%
183 Yanma
88%
184 Yanmega
88%
98 Blissey
87%
97 Chansey
87%
134 Finneon
87%
62 Heracross
87%
180 Magnezone
87%
162 Lickilicky
86%
161 Lickitung
86%
135 Lumineon
86%
205 Mamoswine
86%
104 Pikachu
86%
118 Quagsire
86%
152 Rotom
86%
127 Skorupi
86%
181 Tangela
86%
182 Tangrowth
86%
117 Wooper
86%
128 Drapion
85%
44 Golduck
85%
122 Hippopotas
85%
123 Hippowdon
85%
155 Nosepass
85%
103 Pichu
85%
204 Piloswine
85%
156 Probopass
85%
43 Psyduck
85%
105 Raichu
85%
196 Scizor
85%
203 Swinub
85%
131 Carnivine
84%
102 Chatot
84%
82 Chingling
84%
195 Scyther
84%
108 Spiritomb
84%
83 Chimecho
82%
101 Clefable
82%
100 Clefairy
82%
99 Cleffa
82%
132 Remoraid
82%
151 Manaphy
81%
133 Octillery
81%
177 Houndoom
80%
80 Barboach
79%
176 Houndour
79%
81 Whiscash
79%
78 Goldeen
77%
79 Seaking
77%
114 Unown
77%
209 Absol
76%
138 Feebas
76%
121 Girafarig
76%
139 Milotic
76%
136 Tentacool
74%
137 Tentacruel
74%
120 Pelipper
71%
119 Wingull
71%
185 Tropius
66%
126 Azumarill
65%
124 Azurill
65%
125 Marill
65%
106 Hoothoot
63%
107 Noctowl
63%
171 Swablu
58%
172 Altaria
57%
No matching quizzes found
Score Distribution
Percent of People with Each Score
Percentile by Number Answered
Your Score History
You have not taken this quiz